书目信息 |
| 题名: |
化肥与生态环境保护
|
|
| 作者: | 崔玉亭 主编 | |
| 分册: | ||
| 出版信息: | 北京 化学工业出版社 2000 |
|
| 页数: | 261 | |
| 开本: | 19cm | |
| 丛书名: | 农用化学品与生态环境保护丛书 | |
| 单 册: | ||
| 中图分类: | X592 | |
| 科图分类: | ||
| 主题词: | 肥料污染 , 肥料污染--污染防治 , 农药污染 , 农药污染--污染防治 , 农药残留物 , 农药残留物--污染防治 | |
| 电子资源: | ||
| ISBN: | 7-5025-2705-2 | |
| 000 | 00784nam0 2200265 450 | |
| 001 | 0754114953 | |
| 005 | 20070929150154.95 | |
| 010 | @a7-5025-2705-2 | |
| 100 | @a20070929d km y0chiy0120 ea | |
| 101 | 0 | @achi |
| 200 | 1 | @a化肥与生态环境保护@Ahua fei yu sheng tai huan jing bao hu@f崔玉亭 主编@Fcui yu ting zhu bian |
| 210 | @a北京@c化学工业出版社@d2000 | |
| 215 | @a261@c插图@d19cm | |
| 225 | 2 | @a农用化学品与生态环境保护丛书 |
| 410 | 0 | @12001 @a农用化学品与生态环境保护丛书 |
| 606 | 0 | @a肥料污染 |
| 606 | 0 | @a肥料污染@x污染防治 |
| 606 | 0 | @a农药污染 |
| 606 | 0 | @a农药污染@x污染防治 |
| 606 | 0 | @a农药残留物 |
| 606 | 0 | @a农药残留物@x污染防治 |
| 690 | @aX592@v3 | |
| 701 | 0 | @a崔玉亭@Acui yu ting@4主编 |
| 801 | 0 | @aCN@bPFT@c20070929 |
| 905 | @a213230@dX592@eh11@f1 | |
| 化肥与生态环境保护/崔玉亭 主编.-北京:化学工业出版社,2000 |
| 261:插图;19cm.-(农用化学品与生态环境保护丛书) |
| ISBN 7-5025-2705-2: |
| ● |
| 相关链接 |
|
|
|
|
正题名:化肥与生态环境保护
索取号:X592/h11
 
预约/预借
| 序号 | 登录号 | 条形码 | 馆藏地/架位号 | 状态 | 备注 |
| 1 | 6000941 | 260009412 | 密集书库-化学系/ [索取号:X592/h11] | 在馆 |